Ukazatele hospodářského vývoje v zahraničí

Salvato in:
Dettagli Bibliografici
Natura: Libro
Lingua:ceco
Pubblicazione: Praha ÚVTEI 1976
Soggetti:
Accesso online:Visualizza in OPAC
Tags: Aggiungi Tag
Nessun Tag, puoi essere il primo ad aggiungerne!!

MARC

LEADER 00000nam a2200000 a 4500
005 20260127134219.0
008 070709s1976 xo cze d
035 |a vtls009042006 
035 |a PPPK34767 
039 9 |a 200809180952  |b mschk03  |c 200707312209  |d VLOAD  |y 200707231546  |z VLOAD 
040 |a PPPK  |b slo  |c PPPK  |d STUSCHK1 
041 0 |a cze 
080 |a 33 
080 |a 31 
245 0 |a Ukazatele hospodářského vývoje v zahraničí 
260 |a Praha  |b ÚVTEI  |c 1976 
300 |a viaz. 
650 0 7 |a hospodárstvo svetové  |2 PPPK 
650 0 7 |a štatistika  |2 PPPK 
910 |a pppk 
910 |a SCHK95 
999 |c 6882  |d 6882